El ingenioso hidalgo y poeta Federico García Lorca asciende a los infiernos / (Record no. 132068)
[ view plain ]
| 000 -LEADER | |
|---|---|
| campo de control de longitud fija | 00659nam a2200205 i 4500 |
| 001 - NÚMERO DE CONTROL | |
| campo de control | 132068 |
| 003 - IDENTIFICADOR DE NÚMERO DE CONTROL | |
| campo de control | ES-MaACL |
| 005 - FECHA Y HORA DE LA ÚLTIMA TRANSACCIÓN | |
| campo de control | 20251116063105.0 |
| 007 - CAMPO FIJO DE DESCRIPCIÓN FÍSICA--INFORMACIÓN GENERAL | |
| campo de control de longitud fija | t| |
| 008 - DATOS DE LONGITUD FIJA--INFORMACIÓN GENERAL | |
| campo de control de longitud fija | 070214s1980 sp |||| |dspa d |
| 080 ## - NÚMERO DE LA CLASIFICACIÓN DECIMAL UNIVERSAL | |
| Número de la Clasificación Decimal Universal | 821.134.2-31"19" |
| 080 ## - NÚMERO DE LA CLASIFICACIÓN DECIMAL UNIVERSAL | |
| Número de la Clasificación Decimal Universal | 929 Garcia Lorca, Federico(0:82) |
| 100 1# - ENTRADA PRINCIPAL--NOMBRE DE PERSONA | |
| Nombre de persona | Rojas, Carlos, |
| Fechas asociadas al nombre | 1928- |
| 9 (RLIN) | 161767 |
| 245 13 - MENCIÓN DEL TÍTULO | |
| Título | El ingenioso hidalgo y poeta Federico García Lorca asciende a los infiernos / |
| Mención de responsabilidad, etc. | Carlos Rojas. |
| 260 ## - PUBLICACIÓN, DISTRIBUCIÓN, ETC. | |
| Lugar de publicación, distribución, etc. | Barcelona : |
| Nombre del editor, distribuidor, etc. | Destino, |
| Fecha de publicación, distribución, etc. | 1980. |
| 300 ## - DESCRIPCIÓN FÍSICA | |
| Extensión | 193 p. ; |
| Dimensiones | 21 cm. |
| 600 17 - PUNTO DE ACCESO ADICIONAL DE MATERIA--NOMBRE DE PERSONA | |
| Nombre de persona | García Lorca, Federico, |
| Fechas asociadas al nombre | 1898-1936- |
| Subdivisión de forma | Novelas |
| Fuente del encabezamiento o término | |
| 9 (RLIN) | 161795 |
| 852 ## - LOCALIZACIÓN | |
| Ubicación | ES-MaACL |
| Número de control de estantería | L-1509 |
| Estatus retirado | Estado de pérdida | Estado de daño | No para préstamo | Biblioteca de origen | Biblioteca actual | Ubicación en estantería | Fecha de adquisición | Fuente de adquisición | Total de préstamos | Signatura topográfica completa | Código de barras | Visto por última vez | Precio de reemplazo | Tipo de ítem Koha |
|---|---|---|---|---|---|---|---|---|---|---|---|---|---|---|
| Biblioteca del Ateneo de Madrid | Biblioteca del Ateneo de Madrid | Depósito 2 | 17/01/2008 | L-1509 | 1137499 | 23/02/2023 | 23/02/2023 | Libro impreso |
